| 000 | 00728nam a2200217Ia 4500 | ||
|---|---|---|---|
| 003 | OSt | ||
| 005 | 20251216154346.0 | ||
| 008 | 220922b |||||||| |||| 00| 0 hin d | ||
| 037 | _cTB | ||
| 040 |
_aARTS _cARTS _bhin |
||
| 041 |
_2hin _ahin |
||
| 084 |
_aO152,3N25,RD K8(TB) _qAL |
||
| 100 |
_aशुक्ल, श्रीलाल _9156279 |
||
| 245 | 0 | _aराग दरबारी | |
| 246 | _aRāg darabārī | ||
| 260 |
_aदिल्ली: _b राजकमल प्रका0, _c1968. |
||
| 300 |
_a374पृ. _ccm. |
||
| 650 |
_aहिन्दी साहित्य _9156264 |
||
| 942 |
_hO152,3N25,RD K8 _cTB _2CC _n0 |
||
| 999 |
_c358856 _d358856 |
||